[Event "Copenhagen Chess Challenge 2012"]
[Site "Ballerup"]
[Date "2012.??.??"]
[Round "4"]
[White "Knudsen, Jes West"]
[Black "Olsen, Michael Richard W"]
[Result "1-0"]
[WhiteElo "1890"]
[BlackElo "2023"]
[PlyCount "103"]
[EventDate "2012.??.??"]
[EventType "swiss"]
[EventRounds "9"]
[EventCountry "DEN"]

1. e4 e6 2. d3 d5 3. Nd2 c5 4. g3 Nc6 5. Bg2 Nf6 6. Ngf3 Be7 7. O-O O-O 8. e5
Nd7 9. Re1 Qc7 10. Qe2 b5 11. Nf1 Re8 12. h4 f6 13. exf6 Bxf6 14. Ng5 Bxg5 15.
hxg5 Nb6 16. Ne3 Rf8 17. f4 Qf7 18. c3 Bd7 19. Ng4 Rab8 20. Bd2 a5 21. Qf2 c4
22. d4 Nc8 23. Re2 N8a7 24. Rae1 b4 25. Ne5 Nxe5 26. dxe5 Be8 27. Be3 Nb5 28.
Bc5 bxc3 29. Bxf8 Qxf8 30. bxc3 Nxc3 31. Rc2 Na4 32. f5 Bf7 33. Bh3 Nc5 34. Qd4
Rb5 35. Rf1 Qb8 36. g6 hxg6 37. fxg6 Bxg6 38. Rcf2 Bd3 39. Rf8+ Qxf8 40. Rxf8+
Kxf8 41. a4 Rb1+ 42. Kh2 Nb3 43. Qf4+ Ke7 44. Qg5+ Kf7 45. Qh5+ Ke7 46. Qh8 Kf7
47. Qc8 Nd4 48. Bxe6+ Nxe6 49. Qd7+ Kf8 50. Qxe6 Be4 51. Qd6+ Ke8 52. g4 1-0

[Event "Copenhagen Chess Challenge 2012"]
[Site "Ballerup"]
[Date "2012.??.??"]
[Round "4"]
[White "Einarsson, Oskar Long"]
[Black "Svane, Frederik"]
[Result "1-0"]
[WhiteElo "1591"]
[BlackElo "1682"]
[PlyCount "69"]
[EventDate "2012.??.??"]
[EventType "swiss"]
[EventRounds "9"]
[EventCountry "DEN"]

1. e4 c5 2. Nf3 Nc6 3. d4 cxd4 4. Nxd4 Nf6 5. Nc3 e5 6. Ndb5 d6 7. Nd5 Nxd5 8.
exd5 Nb8 9. Be2 Nd7 10. O-O Nc5 11. Be3 a6 12. Nc3 Qc7 13. Qd2 Be7 14. b4 Nd7
15. f4 O-O 16. f5 Nf6 17. g4 Bd8 18. Kh1 Ne8 19. Ne4 a5 20. b5 b6 21. Bd3 Bb7
22. c4 Kh8 23. g5 f6 24. g6 h6 25. Rf3 Kg8 26. Rh3 Bc8 27. Rh5 Bxf5 28. Rxf5
Qd7 29. Nf2 Rc8 30. Rc1 Qb7 31. Rh5 Rc7 32. Bf5 Rc5 33. Be6+ Kh8 34. Bxc5 bxc5
35. Rxh6+ 1-0

[Event "Copenhagen Chess Challenge 2012"]
[Site "Ballerup"]
[Date "2012.??.??"]
[Round "4"]
[White "Skovle, Lars"]
[Black "Kuntz, Lene"]
[Result "1-0"]
[WhiteElo "1621"]
[BlackElo "1701"]
[PlyCount "83"]
[EventDate "2012.??.??"]
[EventType "swiss"]
[EventRounds "9"]
[EventCountry "DEN"]

1. e4 e5 2. Nf3 Nc6 3. d4 exd4 4. c3 dxc3 5. Bc4 d5 6. Bxd5 Be6 7. Nxc3 Bxd5 8.
exd5 Qe7+ 9. Be3 Ne5 10. O-O Nxf3+ 11. Qxf3 O-O-O 12. Nb5 Qb4 13. Nxa7+ Kb8 14.
a3 Qa4 15. b3 Qa6 16. Qxf7 Qf6 17. Qe6 Bd6 18. Nb5 Qxe6 19. dxe6 Re8 20. Nxd6
cxd6 21. Rfe1 Nf6 22. Bf4 Ka8 23. Bxd6 Rc8 24. Rac1 Rxc1 25. Rxc1 Re8 26. Re1
Rc8 27. f4 g6 28. Be5 Ng4 29. h3 Nxe5 30. Rxe5 Re8 31. g4 Kb8 32. f5 gxf5 33.
gxf5 Kc7 34. Rd5 Re7 35. Kf2 Kc6 36. Rd4 Kc5 37. Ke3 b6 38. Ke4 b5 39. Ke5 Kc6
40. f6 Re8 41. e7 Kc7 42. Ke6 1-0

[Event "Copenhagen Chess Challenge 2012"]
[Site "Ballerup"]
[Date "2012.??.??"]
[Round "4"]
[White "Jakobcic, Oliver"]
[Black "Jensen, Simon Stibolt"]
[Result "0-1"]
[WhiteElo "1855"]
[BlackElo "1667"]
[PlyCount "82"]
[EventDate "2012.??.??"]
[EventType "swiss"]
[EventRounds "9"]
[EventCountry "DEN"]

1. d4 f5 2. c4 e6 3. Nc3 Nf6 4. Nf3 Bb4 5. Bd2 O-O 6. g3 d5 7. Bg2 c6 8. O-O
Nbd7 9. a3 Bxc3 10. Bxc3 dxc4 11. Nd2 Nb6 12. e3 a5 13. Qe2 Nbd5 14. Qxc4 Qc7
15. a4 b6 16. Qb3 Ba6 17. Rfc1 Rfb8 18. e4 fxe4 19. Nxe4 Nxe4 20. Bxe4 Rf8 21.
Qc2 g6 22. Bd2 Bb7 23. Bh6 Rf6 24. Qe2 Ne7 25. Bf4 Qd7 26. Be5 Rf7 27. Ra3 Raf8
28. f4 Nf5 29. Qc4 Rc8 30. Qd3 Rd8 31. Rd1 Qe8 32. Qb3 c5 33. Bxb7 Rxb7 34.
dxc5 Rxd1+ 35. Qxd1 bxc5 36. Rd3 Qc6 37. Qc2 Rd7 38. Rxd7 Qxd7 39. Qxc5 Qd1+
40. Kg2 Qe2+ 41. Qf2 Ne3+ 0-1

[Event "Copenhagen Chess Challenge 2012"]
[Site "Ballerup"]
[Date "2012.??.??"]
[Round "5"]
[White "Semcesen, Daniel"]
[Black "Ziska, Helgi Dam"]
[Result "1/2-1/2"]
[WhiteElo "2461"]
[BlackElo "2450"]
[PlyCount "50"]
[EventDate "2012.??.??"]
[EventType "swiss"]
[EventRounds "9"]
[EventCountry "DEN"]

1. d4 Nf6 2. c4 g6 3. Nc3 Bg7 4. e4 d6 5. h3 O-O 6. Nf3 e5 7. d5 a5 8. Bg5 Na6
9. Nd2 Qe8 10. Be2 Nd7 11. a3 Nb6 12. b3 f5 13. Rb1 Bd7 14. O-O f4 15. f3 Bf6
16. Bxf6 Rxf6 17. Qc2 Qe7 18. Nd1 c5 19. Nf2 Rff8 20. Rfc1 Rfc8 21. Qd1 h5 22.
Nf1 h4 23. Qe1 Qd8 24. Nd3 Be8 25. Nd2 Nd7 1/2-1/2

[Event "Copenhagen Chess Challenge 2012"]
[Site "Ballerup"]
[Date "2012.??.??"]
[Round "5"]
[White "Hector, Jonny"]
[Black "Svane, Rasmus"]
[Result "1-0"]
[WhiteElo "2560"]
[BlackElo "2390"]
[PlyCount "119"]
[EventDate "2012.??.??"]
[EventType "swiss"]
[EventRounds "9"]
[EventCountry "DEN"]

1. e4 e6 2. d4 d5 3. Nc3 Nf6 4. Bg5 dxe4 5. Nxe4 Nbd7 6. Nf3 h6 7. Bh4 Be7 8.
Nxf6+ Bxf6 9. Bxf6 Qxf6 10. Qe2 O-O 11. O-O-O Rd8 12. Qe4 Qf5 13. Qh4 Nf6 14.
h3 b6 15. Bd3 Qa5 16. Kb1 Bb7 17. Ne5 c5 18. dxc5 bxc5 19. f3 Rab8 20. Qe1 Qc7
21. Nc4 Nd5 22. Qa5 Qxa5 23. Nxa5 Ba8 24. Rd2 g5 25. Kc1 Nf4 26. Rhd1 Kg7 27.
Bf1 Rxd2 28. Rxd2 Nd5 29. Rd3 Rb4 30. c4 Nf4 31. Rd8 Ra4 32. Nb3 Bc6 33. Rc8
Bd7 34. Rc7 Be8 35. a3 Ra6 36. Nxc5 Rc6 37. Rxc6 Bxc6 38. b4 Kf6 39. b5 Ba8 40.
Kd2 Ke5 41. Ke3 Kd6 42. Nb3 f5 43. c5+ Ke5 44. c6 Nd5+ 45. Kd3 Kd6 46. a4 Nf4+
47. Kd2 h5 48. g3 Ng6 49. Ke3 Ke5 50. Nc5 Kd5 51. Na6 Kd6 52. f4 gxf4+ 53. gxf4
Ne7 54. Bg2 h4 55. Kd4 Nc8 56. Nc5 Ne7 57. Nd3 a6 58. Ne5 axb5 59. axb5 Nc8 60.
Nc4+ 1-0

[Event "Copenhagen Chess Challenge 2012"]
[Site "Ballerup"]
[Date "2012.??.??"]
[Round "5"]
[White "Jacobsen, Bo"]
[Black "Brynell, Stellan"]
[Result "0-1"]
[WhiteElo "2337"]
[BlackElo "2489"]
[PlyCount "66"]
[EventDate "2012.??.??"]
[EventType "swiss"]
[EventRounds "9"]
[EventCountry "DEN"]

1. c4 e6 2. g3 Nf6 3. Bg2 d5 4. Nf3 Be7 5. O-O O-O 6. d4 c6 7. Nbd2 Nbd7 8. Qc2
b6 9. e4 Bb7 10. e5 Ne8 11. cxd5 exd5 12. Re1 Nc7 13. Nf1 Ne6 14. Ne3 g6 15. h4
c5 16. h5 cxd4 17. Ng4 Ndc5 18. Qd2 Ne4 19. Qh6 Rc8 20. Bf4 Kh8 21. Rad1 Rg8
22. hxg6 Rxg6 23. Qh3 Nxf4 24. gxf4 Qd7 25. Nfh2 Qf5 26. f3 Nc5 27. e6 f6 28.
Ne5 Rxg2+ 29. Qxg2 fxe5 30. Rxe5 Qxf4 31. Ng4 Rg8 32. Rh5 Rg7 33. Kh1 d3 0-1

[Event "Copenhagen Chess Challenge 2012"]
[Site "Ballerup"]
[Date "2012.??.??"]
[Round "5"]
[White "Haub, Thorsten Michael"]
[Black "Sylvan, Jacob"]
[Result "1/2-1/2"]
[WhiteElo "2476"]
[BlackElo "2310"]
[PlyCount "62"]
[EventDate "2012.??.??"]
[EventType "swiss"]
[EventRounds "9"]
[EventCountry "DEN"]

1. g3 g6 2. Bg2 Bg7 3. d3 d5 4. Nd2 e5 5. Ngf3 Nd7 6. e4 dxe4 7. dxe4 Ne7 8.
Qe2 Nc6 9. Nb3 a5 10. Bg5 f6 11. Be3 b6 12. Qc4 Ndb8 13. Nbd2 Qe7 14. a3 Be6
15. Qc3 O-O 16. Bf1 f5 17. Ng5 Bc8 18. Bb5 Nd4 19. Ngf3 Nxb5 20. Qc4+ Qe6 21.
Qxb5 Qc6 22. Qxc6 Nxc6 23. c3 Bb7 24. O-O-O Nd8 25. Rhe1 Ne6 26. Ng5 Nxg5 27.
Bxg5 h6 28. Be3 fxe4 29. c4 Rfd8 30. c5 b5 31. Nb1 Bc6 1/2-1/2

[Event "Copenhagen Chess Challenge 2012"]
[Site "Ballerup"]
[Date "2012.??.??"]
[Round "5"]
[White "Fries Nielsen, Jens Ove"]
[Black "Andersen, Mads"]
[Result "1/2-1/2"]
[WhiteElo "2363"]
[BlackElo "2431"]
[PlyCount "82"]
[EventDate "2012.??.??"]
[EventType "swiss"]
[EventRounds "9"]
[EventCountry "DEN"]

1. d4 Nf6 2. Nf3 g6 3. c4 Bg7 4. Nbd2 O-O 5. e4 d6 6. Be2 e5 7. d5 a5 8. b3 Nh5
9. g3 f5 10. Bb2 Nf6 11. exf5 gxf5 12. Qc2 Na6 13. a3 c6 14. dxc6 bxc6 15. Nh4
Nc5 16. b4 axb4 17. axb4 Rxa1+ 18. Bxa1 Nce4 19. Nxe4 Nxe4 20. O-O Qb6 21. c5
Qxb4 22. cxd6 Qxd6 23. Rd1 Qh6 24. Bc4+ Kh8 25. Bd3 Ng5 26. Qc5 Re8 27. Be2 Ne4
28. Qb6 Qe6 29. Qc7 Nf6 30. Qa7 Nd5 31. Nf3 Qe7 32. Qa4 Bd7 33. Qc2 e4 34. Nd4
Nb4 35. Qd2 c5 36. Nb5 Bc6 37. Bxg7+ Qxg7 38. Nd6 Rf8 39. Qc1 Nd3 40. Bxd3 exd3
41. Rxd3 f4 1/2-1/2

[Event "Copenhagen Chess Challenge 2012"]
[Site "Ballerup"]
[Date "2012.??.??"]
[Round "5"]
[White "Hove, Esben Kjems"]
[Black "Bromann, Thorbjorn"]
[Result "1/2-1/2"]
[WhiteElo "2247"]
[BlackElo "2411"]
[PlyCount "43"]
[EventDate "2012.??.??"]
[EventType "swiss"]
[EventRounds "9"]
[EventCountry "DEN"]

1. d4 e6 2. Nf3 f5 3. c4 Nf6 4. Nc3 Bb4 5. Qc2 O-O 6. a3 Bxc3+ 7. Qxc3 b6 8. g3
Bb7 9. Bg2 d6 10. O-O Ne4 11. Qc2 Nd7 12. Ng5 Nxg5 13. Bxb7 Rb8 14. Bc6 Nf7 15.
b4 Nf6 16. Bg2 Qd7 17. Bb2 c6 18. d5 Nd8 19. dxc6 Nxc6 20. Rad1 Rbd8 21. Rd2
Qc7 22. Qb3 1/2-1/2

[Event "Copenhagen Chess Challenge 2012"]
[Site "Ballerup"]
[Date "2012.??.??"]
[Round "5"]
[White "Tikkanen, Hans"]
[Black "Fries Nielsen, Niels Jorgen"]
[Result "1/2-1/2"]
[WhiteElo "2566"]
[BlackElo "2326"]
[PlyCount "117"]
[EventDate "2012.??.??"]
[EventType "swiss"]
[EventRounds "9"]
[EventCountry "DEN"]

1. d4 Nf6 2. c4 c5 3. d5 d6 4. Nc3 g6 5. e4 Bg7 6. Bd3 O-O 7. Nge2 a6 8. O-O
Nbd7 9. Ng3 Ne8 10. a4 Rb8 11. f4 Nc7 12. Be3 b5 13. axb5 axb5 14. cxb5 e6 15.
dxe6 fxe6 16. Be2 Qe7 17. Qd2 Bb7 18. f5 exf5 19. exf5 Qxe3+ 20. Qxe3 Bd4 21.
Qxd4 cxd4 22. Nce4 Ne5 23. fxg6 hxg6 24. Nxd6 d3 25. Rxf8+ Kxf8 26. Bf1 Ne8 27.
Nxb7 Rxb7 28. Rd1 Rxb5 29. Bxd3 Nxd3 30. Rxd3 Rxb2 31. Ne4 Re2 32. Nc5 Nf6 33.
Kf1 Re5 34. Nd7+ Nxd7 35. Rxd7 Re3 36. g3 Ra3 37. Kg2 Ra2+ 38. Kh3 Kg8 39. Rb7
g5 40. Kg4 Rxh2 41. Kxg5 Rc2 42. g4 Rc5+ 43. Kh6 Rc6+ 44. Kh5 Rc5+ 45. g5 Rc6
46. Kg4 Rc4+ 47. Kh5 Rc6 48. Re7 Ra6 49. Kg4 Ra4+ 50. Kf5 Ra5+ 51. Kf6 Ra6+ 52.
Re6 Rxe6+ 53. Kxe6 Kg7 54. Kf5 Kf7 55. g6+ Kg7 56. Kg5 Kg8 57. Kf6 Kf8 58. g7+
Kg8 59. Kg6 1/2-1/2

[Event "Copenhagen Chess Challenge 2012"]
[Site "Ballerup"]
[Date "2012.??.??"]
[Round "5"]
[White "Danielsen, Henrik"]
[Black "Akdag, Dara"]
[Result "1-0"]
[WhiteElo "2498"]
[BlackElo "2264"]
[PlyCount "145"]
[EventDate "2012.??.??"]
[EventType "swiss"]
[EventRounds "9"]
[EventCountry "DEN"]

1. g3 d6 2. Bg2 e5 3. c4 f5 4. Nc3 Nf6 5. d3 Be7 6. e4 Nc6 7. Nge2 O-O 8. O-O
Be6 9. Nd5 Qd7 10. f3 Rae8 11. Be3 Bd8 12. Qb3 b6 13. Qa3 Kh8 14. Kh1 Qf7 15.
Qa6 Bd7 16. Nec3 f4 17. gxf4 exf4 18. Bf2 Nh5 19. Ne2 Re6 20. Rfd1 Rh6 21. Kg1
Ne5 22. d4 Ng4 23. fxg4 f3 24. Be3 fxe2 25. Rf1 exf1=Q+ 26. Rxf1 Qe8 27. Rxf8+
Qxf8 28. Bxh6 gxh6 29. gxh5 Bh4 30. c5 Bf2+ 31. Kh1 Bxd4 32. cxd6 cxd6 33. Qe2
Qc8 34. b3 Bg4 35. Qd2 Be5 36. Qxh6 Bxh5 37. Ne7 Qe8 38. Qe6 Qf7 39. Qxf7 Bxf7
40. Nc8 Be8 41. Nxa7 Bd7 42. Bf1 Bd4 43. Kg2 Kg7 44. Bb5 Be6 45. Nc6 Bf6 46.
Bc4 Bd7 47. Nb8 Bc8 48. a4 Bc3 49. Bd5 Kf6 50. Kf3 Be5 51. h4 Bc3 52. Ke2 h5
53. Nc6 Bg4+ 54. Kf2 Bd7 55. Nb8 Bd4+ 56. Kg2 Bc8 57. b4 Bc3 58. Nc6 Bb7 59. b5
Bxc6 60. bxc6 Ke7 61. Bf7 Bf6 62. Kh3 d5 63. exd5 Be5 64. Bxh5 Kf6 65. Kg4 Bd6
66. Be8 Bc7 67. h5 Ke7 68. h6 Kxe8 69. h7 Be5 70. Kf5 Bd4 71. Ke6 Kd8 72. d6
Kc8 73. Ke7 1-0

[Event "Copenhagen Chess Challenge 2012"]
[Site "Ballerup"]
[Date "2012.??.??"]
[Round "5"]
[White "Hagen, Andreas Skytte"]
[Black "Thuesen, Mogens Henrik"]
[Result "1-0"]
[WhiteElo "2445"]
[BlackElo "2242"]
[PlyCount "98"]
[EventDate "2012.??.??"]
[EventType "swiss"]
[EventRounds "9"]
[EventCountry "DEN"]

1. c4 g6 2. g3 Bg7 3. Bg2 Nf6 4. Nc3 O-O 5. e4 d6 6. Nge2 c5 7. O-O Nc6 8. d3
Ne8 9. Be3 Nc7 10. d4 cxd4 11. Nxd4 Bd7 12. h3 Ne6 13. Nde2 Qa5 14. Qd2 Rfc8
15. f4 Nf8 16. Rad1 a6 17. Nd5 Qxd2 18. Rxd2 Rab8 19. Nb6 Rd8 20. Rfd1 Be8 21.
b3 Ne6 22. g4 h6 23. h4 Nf8 24. Bf3 Nh7 25. Kf2 Bf8 26. Nc3 e6 27. Kg3 g5 28.
hxg5 hxg5 29. fxg5 Be7 30. Rh2 Nxg5 31. Rdh1 Ne5 32. Bg2 Ng6 33. Rh5 f6 34. Bf1
Bc6 35. Bd3 Nf7 36. Bc2 Nfe5 37. Ne2 Bf8 38. Nd4 Re8 39. Rf1 Bg7 40. Rh2 Re7
41. Rd2 Rd8 42. Rfd1 Nf7 43. c5 d5 44. exd5 exd5 45. Nf5 Re6 46. Nxd5 Rde8 47.
Bf4 Nxf4 48. Nxf4 Re5 49. Nh5 Be4 1-0

[Event "Copenhagen Chess Challenge 2012"]
[Site "Ballerup"]
[Date "2012.??.??"]
[Round "5"]
[White "Carstensen, Jacob"]
[Black "Christensen, Tobias"]
[Result "1/2-1/2"]
[WhiteElo "2305"]
[BlackElo "2363"]
[PlyCount "96"]
[EventDate "2012.??.??"]
[EventType "swiss"]
[EventRounds "9"]
[EventCountry "DEN"]

1. d4 d5 2. c4 dxc4 3. Nf3 Nf6 4. e3 e6 5. Bxc4 c5 6. O-O a6 7. Bb3 Be7 8. Nc3
O-O 9. e4 cxd4 10. Nxd4 e5 11. Nf5 Bxf5 12. exf5 Nc6 13. g4 h6 14. Qf3 Nd4 15.
Qg2 Qd7 16. h4 Qc6 17. g5 Nxb3 18. axb3 Qxg2+ 19. Kxg2 hxg5 20. hxg5 Nh7 21.
Ne4 Rfd8 22. Be3 Rd3 23. Rh1 Rad8 24. b4 g6 25. fxg6 fxg6 26. Rh6 Nf8 27. Bc5
Bxc5 28. bxc5 R8d4 29. Nf6+ Kf7 30. c6 bxc6 31. Rxa6 Ke6 32. Rh8 Rd8 33. Rxc6+
Kf5 34. Ng8 Kxg5 35. Nh6 R8d7 36. Rxf8 Kxh6 37. Rff6 Rg7 38. b4 Rb3 39. Rb6 Kg5
40. Rf8 Rh7 41. Re8 Kf5 42. Rb5 Kf6 43. Rf8+ Kg7 44. Rf3 Rh2+ 45. Kg3 Rh3+ 46.
Kxh3 Rxf3+ 47. Kg4 Rxf2 48. Rxe5 Kf6 1/2-1/2

[Event "Copenhagen Chess Challenge 2012"]
[Site "Ballerup"]
[Date "2012.??.??"]
[Round "5"]
[White "Westerinen, Heikki"]
[Black "Brondt, Nicolai Kvist"]
[Result "1/2-1/2"]
[WhiteElo "2335"]
[BlackElo "2138"]
[PlyCount "114"]
[EventDate "2012.??.??"]
[EventType "swiss"]
[EventRounds "9"]
[EventCountry "DEN"]

1. e4 c6 2. d4 d5 3. f3 dxe4 4. fxe4 e5 5. Nf3 Bg4 6. Bc4 Nd7 7. O-O Ngf6 8. c3
Bd6 9. Be3 O-O 10. Nbd2 Qc7 11. Qe1 Bh5 12. Qh4 Bg6 13. Rae1 Rfe8 14. Bg5 h6
15. Bxh6 b5 16. Bb3 c5 17. Bg5 cxd4 18. cxd4 exd4 19. e5 Nxe5 20. Bxf6 gxf6 21.
Qxf6 Nc4 22. Kh1 Bf8 23. Qg5 Bg7 24. Rxe8+ Rxe8 25. Qxb5 Nd6 26. Qg5 Bd3 27.
Rg1 Qe7 28. Qf4 Qf6 29. Qxf6 Bxf6 30. Re1 Be2 31. Nc4 Bxf3 32. Rxe8+ Nxe8 33.
gxf3 Nc7 34. Kg2 Ne6 35. Kf2 Nc5 36. Ke2 Bg5 37. Ne5 Bf4 38. Nd3 Nxd3 39. Kxd3
Bxh2 40. Kxd4 Kf8 41. Bc4 Ke7 42. Kc5 f6 43. Kc6 a5 44. Kb6 Be5 45. b3 Bc3 46.
a3 Kd8 47. Be6 Ke7 48. Bf5 Kd6 49. Bc8 Bd2 50. Bb7 Kd7 51. Ba6 Bc3 52. Kb7 Kd6
53. Bb5 Kc5 54. Be8 Bb2 55. Ka6 Bxa3 56. Kxa5 Bb4+ 57. Ka6 Bc3 1/2-1/2

[Event "Copenhagen Chess Challenge 2012"]
[Site "Ballerup"]
[Date "2012.??.??"]
[Round "5"]
[White "Matthiesen, Martin"]
[Black "Kokholm, Daniel"]
[Result "0-1"]
[WhiteElo "2310"]
[BlackElo "1925"]
[PlyCount "84"]
[EventDate "2012.??.??"]
[EventType "swiss"]
[EventRounds "9"]
[EventCountry "DEN"]

1. c4 Nc6 2. g3 e5 3. Nc3 Nf6 4. Bg2 Bc5 5. d3 O-O 6. Nf3 d6 7. O-O h6 8. a3 a6
9. b4 Ba7 10. Bb2 Rb8 11. e3 Re8 12. Rc1 Qe7 13. Nd2 Nd8 14. Nd5 Nxd5 15. cxd5
Qd7 16. Qc2 Re7 17. Nb3 Bb6 18. d4 f6 19. dxe5 fxe5 20. Nd2 Qe8 21. Be4 Bh3 22.
Rfe1 Qf8 23. Bg2 Bd7 24. a4 Be8 25. a5 Ba7 26. Nc4 Nf7 27. h4 h5 28. Qe2 Nh6
29. Bf3 g6 30. e4 Rf7 31. Kg2 Bd7 32. Nd2 Qe7 33. Rc3 Rbf8 34. Rec1 c6 35. dxc6
bxc6 36. Rxc6 Qe6 37. Kf1 Ng4 38. Qxa6 Bxc6 39. Rxc6 Nh2+ 40. Ke1 Nxf3+ 41.
Nxf3 Bxf2+ 42. Ke2 Qg4 0-1

[Event "Copenhagen Chess Challenge 2012"]
[Site "Ballerup"]
[Date "2012.??.??"]
[Round "5"]
[White "Andersen, Kim Nyvang"]
[Black "Minko, Vladimir"]
[Result "0-1"]
[WhiteElo "2009"]
[BlackElo "2188"]
[PlyCount "170"]
[EventDate "2012.??.??"]
[EventType "swiss"]
[EventRounds "9"]
[EventCountry "DEN"]

1. d4 Nf6 2. c4 c5 3. d5 e6 4. Nc3 exd5 5. cxd5 Bd6 6. e4 Be5 7. Nge2 O-O 8. f4
Bxc3+ 9. Nxc3 d6 10. Be2 Re8 11. e5 dxe5 12. fxe5 Rxe5 13. Bf4 Re8 14. O-O a6
15. a4 Nbd7 16. Qd2 Qa5 17. Rae1 b6 18. d6 Bb7 19. Bc4 Qb4 20. b3 Bc6 21. Re7
Rxe7 22. dxe7 Re8 23. Qd3 b5 24. axb5 axb5 25. Nxb5 Bxb5 26. Bxb5 Rxe7 27. Bc4
Re1 28. Bd2 Rxf1+ 29. Kxf1 Qb8 30. h3 Ne5 31. Bf4 Qe8 32. Qe3 Nxc4 33. Qxe8+
Nxe8 34. bxc4 Nf6 35. Ke2 Nd7 36. Kd3 f5 37. g4 g6 38. gxf5 gxf5 39. Bd6 Kf7
40. Bg3 Kf6 41. Bf2 Ke5 42. Ke3 f4+ 43. Kf3 Kf5 44. Bg1 h5 45. Bf2 Ne5+ 46. Ke2
Ke4 47. Bxc5 Nxc4 48. Kf2 Ne5 49. Ba7 Nf7 50. Bb6 Ng5 51. Kg2 Nf3 52. Bf2 Nd4
53. Be1 Ne6 54. Bf2 f3+ 55. Kg3 Ng7 56. Bb6 Ne6 57. Bf2 Nf4 58. Bb6 Ng6 59. Bf2
h4+ 60. Kg4 Nf4 61. Bxh4 Ke3 62. Bg3 Ne2 63. Be1 Nc3 64. Bg3 Ne4 65. Be1 Ke2
66. Bh4 Nf2+ 67. Kg3 Nd1 68. Kh2 Ne3 69. Kg1 Ng2 70. Bg3 Nf4 71. Kh2 Nh5 72.
Bh4 Ng7 73. Kg1 Ne6 74. Bg3 Ng5 75. Kh2 Ne4 76. Bh4 Nf6 77. Kg1 Nd5 78. Kh2 Nf6
79. Kg1 Ne4 80. Kh2 Kf1 81. Bd8 Nd6 82. Bh4 Nf5 83. Bd8 Ke2 84. Bb6 Ne3 85.
Bxe3 Kxe3 0-1

[Event "Copenhagen Chess Challenge 2012"]
[Site "Ballerup"]
[Date "2012.??.??"]
[Round "5"]
[White "Schmidt, Horst Hubert"]
[Black "Nielsen, Klaus"]
[Result "1-0"]
[WhiteElo "1850"]
[BlackElo "2092"]
[PlyCount "109"]
[EventDate "2012.??.??"]
[EventType "swiss"]
[EventRounds "9"]
[EventCountry "DEN"]

1. e4 c5 2. Nc3 e6 3. g3 Nc6 4. Bg2 d6 5. d3 g6 6. Nge2 Bg7 7. Be3 Nd4 8. O-O
Ne7 9. Rb1 Rb8 10. b4 O-O 11. bxc5 dxc5 12. Nb5 a6 13. Nbxd4 cxd4 14. Bd2 Nc6
15. f4 b5 16. Qc1 Ne7 17. h3 Bb7 18. g4 f5 19. Ng3 Rc8 20. Qb2 fxe4 21. Nxe4
Nd5 22. Ng5 Qd7 23. Rbe1 Rfe8 24. Qb3 h6 25. Ne4 Kh7 26. Re2 Nb6 27. Bb4 Bd5
28. Qa3 Ra8 29. Bd6 a5 30. Be5 Rf8 31. Ref2 Ra7 32. Qc5 Bxe4 33. Bxe4 Na4 34.
Qc6 Nc3 35. Qxd7 Rxd7 36. Bc6 Ra7 37. a3 Rc8 38. Bg2 Rd8 39. Bxg7 Kxg7 40. f5
gxf5 41. gxf5 e5 42. f6+ Kf7 43. Re1 Ke6 44. h4 Rf8 45. Bh3+ Kd6 46. Rf5 Raf7
47. Rfxe5 Rxf6 48. Re6+ Kc7 49. Re7+ Kd6 50. Rd7+ Kc6 51. Rxd4 Rg8+ 52. Kh1 Rf2
53. Re6+ Kc5 54. Rd7 Rg3 55. d4+ 1-0

[Event "Copenhagen Chess Challenge 2012"]
[Site "Ballerup"]
[Date "2012.??.??"]
[Round "5"]
[White "Rydstrom, Tom"]
[Black "Andersen, Daniel"]
[Result "1-0"]
[WhiteElo "2037"]
[BlackElo "1895"]
[PlyCount "57"]
[EventDate "2012.??.??"]
[EventType "swiss"]
[EventRounds "9"]
[EventCountry "DEN"]

1. e4 e6 2. d4 d5 3. Nc3 Bb4 4. e5 c5 5. a3 Bxc3+ 6. bxc3 Qa5 7. Bd2 Qa4 8. Qb1
c4 9. f4 Nc6 10. Nf3 b6 11. Be2 Bd7 12. O-O O-O-O 13. g4 Rf8 14. Nh4 f6 15. f5
Nge7 16. fxe6 Bxe6 17. exf6 gxf6 18. Kh1 Rhg8 19. Qd1 f5 20. gxf5 Nxf5 21. Nxf5
Rxf5 22. Bf4 Rff8 23. Qd2 Ne7 24. Rae1 Ng6 25. Bg3 Qxa3 26. Bf3 Qe7 27. Re3 Qd7
28. Qe2 Kb7 29. Rxe6 1-0

[Event "Copenhagen Chess Challenge 2012"]
[Site "Ballerup"]
[Date "2012.??.??"]
[Round "5"]
[White "Ulrich, Thomas"]
[Black "Vesterli, Michael E"]
[Result "0-1"]
[WhiteElo "1933"]
[BlackElo "2030"]
[PlyCount "62"]
[EventDate "2012.??.??"]
[EventType "swiss"]
[EventRounds "9"]
[EventCountry "DEN"]

1. e4 c5 2. Nf3 d6 3. d4 cxd4 4. Nxd4 Nf6 5. Nc3 Nc6 6. Bg5 e6 7. f4 Be7 8. Qd2
a6 9. O-O-O O-O 10. Nxc6 bxc6 11. Bxf6 gxf6 12. g4 d5 13. exd5 cxd5 14. Qe3 Rb8
15. Qh3 Qb6 16. Bd3 f5 17. gxf5 exf5 18. Bb5 Be6 19. Nxd5 Bxd5 20. Rxd5 axb5
21. Rxf5 Bf6 22. Rf1 Rfe8 23. Kb1 Re6 24. Qg4+ Kh8 25. Rd5 Qc6 26. Rfd1 Rc8 27.
Qf5 Qc4 28. Rd7 Ra6 29. a3 Rc5 30. Qg4 Qxc2+ 31. Ka1 Rxa3# 0-1

[Event "Copenhagen Chess Challenge 2012"]
[Site "Ballerup"]
[Date "2012.??.??"]
[Round "5"]
[White "Hansen, Rasmus Agertoft"]
[Black "Eriksson, Christian Altenburg"]
[Result "1-0"]
[WhiteElo "1923"]
[BlackElo "2149"]
[PlyCount "71"]
[EventDate "2012.??.??"]
[EventType "swiss"]
[EventRounds "9"]
[EventCountry "DEN"]

1. Nf3 c5 2. b3 Nc6 3. c4 d6 4. Bb2 e5 5. d3 Nf6 6. Nc3 Be7 7. e3 O-O 8. Be2 a6
9. O-O Rb8 10. Nd2 b5 11. Bf3 Bd7 12. Kh1 Qc8 13. Nd5 Nxd5 14. cxd5 Nb4 15. Qe2
a5 16. a3 Na6 17. Rac1 Qd8 18. Ba1 Re8 19. Rg1 a4 20. bxa4 bxa4 21. g4 Nc7 22.
Rg3 Bb5 23. Rcg1 Ba6 24. g5 Bb7 25. e4 Nb5 26. Nc4 Nd4 27. Bxd4 cxd4 28. Qd1
Qd7 29. Bg4 Qb5 30. Rh3 g6 31. Bf5 Bc8 32. Bxc8 Rexc8 33. Qg4 Qe8 34. Rgg3 Rc7
35. Rxh7 Kxh7 36. Qh4+ 1-0

[Event "Copenhagen Chess Challenge 2012"]
[Site "Ballerup"]
[Date "2012.??.??"]
[Round "5"]
[White "Haubro, Martin"]
[Black "Percivaldi, Martin"]
[Result "1-0"]
[WhiteElo "2092"]
[BlackElo "1938"]
[PlyCount "107"]
[EventDate "2012.??.??"]
[EventType "swiss"]
[EventRounds "9"]
[EventCountry "DEN"]

1. e4 e6 2. d4 d5 3. exd5 exd5 4. Bd3 Bd6 5. Nc3 c6 6. h3 h6 7. Qf3 Qf6 8. Qxf6
Nxf6 9. Nge2 O-O 10. f3 Re8 11. Kf2 Nbd7 12. Bf4 Bxf4 13. Nxf4 Nf8 14. b4 Ne6
15. Nxe6 Bxe6 16. a4 a6 17. Ne2 Kf8 18. a5 Re7 19. Nc3 Ne8 20. Na4 Nd6 21. c3
Bf5 22. Be2 Ke8 23. Rhe1 Kd8 24. Bf1 Re8 25. Rxe8+ Kxe8 26. Re1+ Kf8 27. g4 Bc2
28. Nc5 Rd8 29. h4 g5 30. hxg5 hxg5 31. Re5 Bg6 32. Rxg5 Re8 33. Re5 Re7 34.
Kg3 f6 35. Rxe7 Kxe7 36. Kf4 Bc2 37. Kg3 Bb1 38. Kh4 Bg6 39. Bg2 Kf7 40. Bf1
Ke7 41. Be2 Kf7 42. Nxb7 Nxb7 43. Bxa6 Nd6 44. Bb7 Ke7 45. a6 Nb5 46. Bxc6 Nc7
47. a7 Bf7 48. a8=Q Nxa8 49. Bxa8 Kd6 50. Bb7 Bg6 51. g5 f5 52. Kg3 Ke6 53. Kf4
Kd6 54. Bc8 1-0

[Event "Copenhagen Chess Challenge 2012"]
[Site "Ballerup"]
[Date "2012.??.??"]
[Round "5"]
[White "Jensen, Simon Stibolt"]
[Black "Johansen, Johnny Holler"]
[Result "1-0"]
[WhiteElo "1667"]
[BlackElo "1967"]
[PlyCount "93"]
[EventDate "2012.??.??"]
[EventType "swiss"]
[EventRounds "9"]
[EventCountry "DEN"]

1. e4 e6 2. d4 d5 3. exd5 exd5 4. Bd3 Bd6 5. c3 Nf6 6. Nf3 O-O 7. O-O c6 8. Bg5
Nbd7 9. Qc2 Qc7 10. Re1 b6 11. Bxf6 Nxf6 12. Ne5 Bb7 13. Nd2 c5 14. Ndf3 cxd4
15. cxd4 Qxc2 16. Bxc2 Ne4 17. Bd3 h5 18. a3 Rfc8 19. Rac1 f6 20. Ng6 Rxc1 21.
Rxc1 Rc8 22. Rxc8+ Bxc8 23. Bxe4 dxe4 24. Nd2 Bf5 25. Nh4 Bh7 26. g3 Kf7 27.
Kf1 Ke6 28. Ke2 Kd5 29. Ke3 g5 30. Ng2 f5 31. h4 gxh4 32. Nxh4 Be7 33. Ng2 Bg5+
34. Nf4+ Bxf4+ 35. gxf4 h4 36. f3 h3 37. fxe4+ fxe4 38. Nf1 Bg6 39. Nh2 Bf5 40.
Nf1 Kc4 41. Nd2+ Kb5 42. Nf1 Ka4 43. d5 Kb3 44. Kf2 Kxb2 45. Ne3 Bd7 46. f5 Be8
47. d6 1-0